00422nam a2200157Ia 4500008004100000100001700041245002000058245001600078260002100094260000900115300003900124440005500163650001800218650001600236650001200252191127s9999 xx 000 0 und d aHuston, Matt 4aThe Confounder/ cMatt Huston bSussex Publisher c2019 aPages 26-27, January/February 2019 aPsychology Today: Silence your inner criticv52: 2 aGeoff Sobelle aperformance atheater